000 00391nam a2200157Ia 4500
008 210210b1991 xxu||||| |||| 00| 0 eng d
082 _a515.43 KHAI
100 _aKHANNA (M L).
245 _aIntegral calculus. Ed.17
250 _a
260 _aMeerut
_bJai Prakash Nath & Co
_c1991
300 _axxii,500
650 _aIntegral calculus
690 _aIntegral Calculus
906 _a045126
999 _c94481
_d94481